[Event "Montreal Class-A"]
[Site "Montreal CAN"]
[Date "2004.11.12"]
[Round "1"]
[White "Libersan, Thierry"]
[Black "Lawson, Eric"]
[Result "0-1"]
[WhiteElo "2117"]
[BlackElo "2401"]
[PlyCount "90"]
[GameId "2160767911052551"]
[EventDate "2004.11.12"]
[EventType "swiss"]
[EventRounds "5"]
[EventCountry "CAN"]
[SourceTitle "EXT 2006"]
[Source "ChessBase"]
[SourceDate "2005.11.24"]
[SourceVersion "1"]
[SourceVersionDate "2005.11.24"]
[SourceQuality "1"]

1. e4 c5 2. Nf3 Nc6 3. d4 cxd4 4. Nxd4 Nf6 5. Nc3 e5 6. Ndb5 d6 7. Bg5 a6 8. Na3 b5 9. Nd5 Be7 10. Bxf6 Bxf6 11. c3 Nb8 12. Nc2 Bb7 13. a4 bxa4 14. Nce3 Nd7 15. Qxa4 O-O 16. b4 Bg5 17. Bd3 a5 18. Qb3 axb4 19. Rxa8 Qxa8 20. cxb4 Bxe3 21. Nxe3 Bxe4 22. O-O Bb7 23. Bc4 Nb6 24. Rd1 Nc8 25. h4 g6 26. h5 Kg7 27. Bd5 f5 28. hxg6 hxg6 29. b5 f4 30. Bxb7 Qxb7 31. Nd5 Nb6 32. Nxb6 Qxb6 33. Qe6 Qxb5 34. Qxd6 Qe2 35. Rc1 Rf5 36. Qe7+ Kh6 37. Qh4+ Rh5 38. Qf6 Qe4 39. Rd1 Qf5 40. Qe7 f3 41. Qc5 Rg5 42. g3 Rh5 43. Qe3+ Kg7 44. Qa7+ Kf6 45. Qe3 Rh1+ 0-1

[Event "Montreal Class-A"]
[Site "Montreal CAN"]
[Date "2004.11.12"]
[Round "1"]
[White "Masse, Hugues"]
[Black "Rodriguez, Herver"]
[Result "1-0"]
[WhiteElo "2198"]
[BlackElo "1700"]
[PlyCount "65"]
[GameId "2160767911052552"]
[EventDate "2004.11.12"]
[EventType "swiss"]
[EventRounds "5"]
[EventCountry "CAN"]
[SourceTitle "EXT 2006"]
[Source "ChessBase"]
[SourceDate "2005.11.24"]
[SourceVersion "1"]
[SourceVersionDate "2005.11.24"]
[SourceQuality "1"]

1. d4 Nf6 2. c4 e6 3. Nc3 c5 4. d5 exd5 5. cxd5 d6 6. e4 g6 7. h3 a6 8. a4 Bg7 9. Nf3 O-O 10. Bd3 Re8 11. O-O c4 12. Bxc4 Nxe4 13. Nxe4 Rxe4 14. Bg5 f6 15. Bd3 Re8 16. Bf4 g5 17. Bd2 g4 18. Nd4 Re5 19. hxg4 Qb6 20. Bc3 Rg5 21. Nf5 Bxf5 22. Bxf5 h5 23. Bd4 Qb4 24. f4 Rxg4 25. Bxg4 hxg4 26. Bc3 Qc5+ 27. Qd4 Qc7 28. Rfe1 f5 29. Re8+ Kh7 30. Qxg7+ Qxg7 31. Bxg7 Kxg7 32. Rc1 Kf7 33. Rcc8 1-0

[Event "Montreal Class-A"]
[Site "Montreal CAN"]
[Date "2004.11.12"]
[Round "1"]
[White "Mikanovic, Goran"]
[Black "Arsenault, Nicolas"]
[Result "1-0"]
[WhiteElo "2346"]
[BlackElo "2116"]
[PlyCount "79"]
[GameId "2160767911052553"]
[EventDate "2004.11.12"]
[EventType "swiss"]
[EventRounds "5"]
[EventCountry "CAN"]
[SourceTitle "EXT 2006"]
[Source "ChessBase"]
[SourceDate "2005.11.24"]
[SourceVersion "1"]
[SourceVersionDate "2005.11.24"]
[SourceQuality "1"]

1. d4 Nf6 2. c4 g6 3. Nc3 Bg7 4. e4 d6 5. Nf3 O-O 6. Be2 e5 7. O-O Nc6 8. d5 Ne7 9. b4 Nh5 10. Re1 f5 11. Ng5 Nf6 12. Bf3 c6 13. Be3 h6 14. Ne6 Bxe6 15. dxe6 fxe4 16. Nxe4 Nxe4 17. Bxe4 d5 18. cxd5 cxd5 19. Bc5 dxe4 20. Qxd8 Rfxd8 21. Bxe7 Re8 22. Bc5 Rxe6 23. Rxe4 Rd8 24. g3 a6 25. a4 Kf7 26. Rb1 Rc6 27. Be3 b5 28. axb5 axb5 29. Ra1 Rd7 30. Ra5 Rb7 31. Bc5 Ke6 32. Kg2 Kf5 33. Kf3 h5 34. h3 Rf6 35. Ra8 Ke6+ 36. Ke2 Kd5 37. Re3 Kc4 38. Re8 Kd5 39. Rd8+ Kc4 40. Rdd3 1-0

[Event "Montreal Class-A"]
[Site "Montreal CAN"]
[Date "2004.11.12"]
[Round "1"]
[White "Prahov, Valentin"]
[Black "Trottier, Alain"]
[Result "1-0"]
[WhiteElo "2225"]
[BlackElo "2003"]
[PlyCount "61"]
[GameId "2160767911052554"]
[EventDate "2004.11.12"]
[EventType "swiss"]
[EventRounds "5"]
[EventCountry "CAN"]
[SourceTitle "EXT 2006"]
[Source "ChessBase"]
[SourceDate "2005.11.24"]
[SourceVersion "1"]
[SourceVersionDate "2005.11.24"]
[SourceQuality "1"]

1. e4 c6 2. d4 d5 3. exd5 cxd5 4. c4 Nf6 5. Nc3 e6 6. c5 Be7 7. b4 O-O 8. Bd3 Nc6 9. a3 Nxd4 10. Bxh7+ Nxh7 11. Qxd4 Bf6 12. Qd2 Ng5 13. Bb2 Bd7 14. h4 Ne4 15. Nxe4 Bxb2 16. Qxb2 dxe4 17. Rd1 Qe8 18. Ne2 b6 19. h5 e5 20. cxb6 axb6 21. Ng3 Ba4 22. Rd2 e3 23. fxe3 Qe6 24. O-O Rad8 25. Nf5 Rxd2 26. Qxd2 Rc8 27. e4 Bc2 28. Qg5 g6 29. hxg6 fxg6 30. Ne7+ Kg7 31. Nxc8 1-0

[Event "Montreal Class-A"]
[Site "Montreal CAN"]
[Date "2004.11.12"]
[Round "1"]
[White "Sauve, Richard"]
[Black "Larochelle, Martial"]
[Result "0-1"]
[WhiteElo "1963"]
[BlackElo "2209"]
[PlyCount "42"]
[GameId "2160767911052555"]
[EventDate "2004.11.12"]
[EventType "swiss"]
[EventRounds "5"]
[EventCountry "CAN"]
[SourceTitle "EXT 2006"]
[Source "ChessBase"]
[SourceDate "2005.11.24"]
[SourceVersion "1"]
[SourceVersionDate "2005.11.24"]
[SourceQuality "1"]

1. d4 Nf6 2. c4 g6 3. Nc3 d5 4. cxd5 Nxd5 5. e4 Nxc3 6. bxc3 Bg7 7. Bd3 c5 8. Be3 Qa5 9. Qd2 Nc6 10. Ne2 O-O 11. Rd1 Rd8 12. Bb1 Ne5 13. O-O Nc4 14. Qc1 Nxe3 15. Qxe3 cxd4 16. cxd4 e6 17. Rc1 Bd7 18. Rc5 Qb6 19. Bd3 Bc6 20. Rb1 Bxd4 21. Rxb6 Bxe3 0-1

[Event "Montreal Class-A"]
[Site "Montreal CAN"]
[Date "2004.11.13"]
[Round "2"]
[White "Bolduc, Steve"]
[Black "Trottier, Yves"]
[Result "1-0"]
[WhiteElo "2266"]
[BlackElo "1979"]
[PlyCount "77"]
[GameId "2160767911052556"]
[EventDate "2004.11.12"]
[EventType "swiss"]
[EventRounds "5"]
[EventCountry "CAN"]
[SourceTitle "EXT 2006"]
[Source "ChessBase"]
[SourceDate "2005.11.24"]
[SourceVersion "1"]
[SourceVersionDate "2005.11.24"]
[SourceQuality "1"]

1. d4 Nf6 2. c4 e5 3. dxe5 Ng4 4. Nf3 Nc6 5. Bf4 Bb4+ 6. Nbd2 Qe7 7. a3 Ngxe5 8. Nxe5 Nxe5 9. e3 Bxd2+ 10. Qxd2 d6 11. Be2 O-O 12. h3 Be6 13. Qc3 f6 14. O-O Qf7 15. c5 Ng6 16. Bg3 d5 17. c6 b6 18. Rad1 Ne7 19. Rd2 Nf5 20. Bh2 Rad8 21. Rfd1 d4 22. exd4 Bd5 23. Bf3 Nd6 24. Re1 Rfe8 25. Rxe8+ Nxe8 26. Re2 Bxf3 27. Qxf3 Rxd4 28. Bg3 Rd8 29. b4 Nd6 30. Rd2 Qe6 31. Kh2 Nf7 32. Rxd8+ Nxd8 33. b5 Qf7 34. Qf4 Ne6 35. Qa4 a5 36. bxa6 Qe8 37. a7 Qa8 38. Qc4 Kf7 39. Qd5 1-0

[Event "Montreal Class-A"]
[Site "Montreal CAN"]
[Date "2004.11.13"]
[Round "2"]
[White "Falardeau, Bruno"]
[Black "Sauve, Richard"]
[Result "1-0"]
[WhiteElo "2031"]
[BlackElo "1963"]
[PlyCount "45"]
[GameId "2160767911052557"]
[EventDate "2004.11.12"]
[EventType "swiss"]
[EventRounds "5"]
[EventCountry "CAN"]
[SourceTitle "EXT 2006"]
[Source "ChessBase"]
[SourceDate "2005.11.24"]
[SourceVersion "1"]
[SourceVersionDate "2005.11.24"]
[SourceQuality "1"]

1. e4 e6 2. d4 d5 3. exd5 exd5 4. Bd3 Nf6 5. Bg5 Be7 6. Nc3 c6 7. Nf3 O-O 8. Qd2 Re8 9. O-O-O b5 10. Ne5 b4 11. Na4 Qa5 12. b3 Ba6 13. Bxa6 Ne4 14. Qe3 Bxg5 15. f4 Qxa6 16. fxg5 Rxe5 17. dxe5 Nd7 18. Rd4 Re8 19. Rxb4 Rxe5 20. Kb2 Qa5 21. Rb7 Qd8 22. Qxa7 f6 23. Rxd7 1-0

[Event "Montreal Class-A"]
[Site "Montreal CAN"]
[Date "2004.11.13"]
[Round "2"]
[White "Khassanov, Marat"]
[Black "Masse, Hugues"]
[Result "1/2-1/2"]
[WhiteElo "2341"]
[BlackElo "2198"]
[PlyCount "61"]
[GameId "2160767911052558"]
[EventDate "2004.11.12"]
[EventType "swiss"]
[EventRounds "5"]
[EventCountry "CAN"]
[SourceTitle "EXT 2006"]
[Source "ChessBase"]
[SourceDate "2005.11.24"]
[SourceVersion "1"]
[SourceVersionDate "2005.11.24"]
[SourceQuality "1"]

1. e4 e5 2. Nf3 Nc6 3. Bb5 a6 4. Ba4 Nf6 5. Qe2 b5 6. Bb3 Be7 7. c3 O-O 8. d4 d6 9. h3 Bb7 10. Nbd2 h6 11. O-O Re8 12. a4 Bf8 13. dxe5 Nxe5 14. Nxe5 Rxe5 15. f4 Re8 16. e5 dxe5 17. fxe5 Bc5+ 18. Kh1 Qd7 19. Nf3 Ne4 20. Bf4 Rad8 21. axb5 axb5 22. e6 fxe6 23. Ne5 Qe7 24. Qxb5 Bd5 25. Ba4 Qh4 26. Kh2 Bf2 27. Ng6 Bg3+ 28. Kg1 Bf2+ 29. Kh2 Bg3+ 30. Kg1 Bf2+ 31. Kh2 1/2-1/2

[Event "Montreal Class-A"]
[Site "Montreal CAN"]
[Date "2004.11.13"]
[Round "2"]
[White "Larochelle, Martial"]
[Black "Mikanovic, Goran"]
[Result "1/2-1/2"]
[WhiteElo "2209"]
[BlackElo "2346"]
[PlyCount "140"]
[GameId "2160767911052559"]
[EventDate "2004.11.12"]
[EventType "swiss"]
[EventRounds "5"]
[EventCountry "CAN"]
[SourceTitle "EXT 2006"]
[Source "ChessBase"]
[SourceDate "2005.11.24"]
[SourceVersion "1"]
[SourceVersionDate "2005.11.24"]
[SourceQuality "1"]

1. c4 c5 2. g3 g6 3. Bg2 Bg7 4. Nc3 Nc6 5. a3 Nf6 6. d3 O-O 7. Nh3 d6 8. O-O Bd7 9. Rb1 a5 10. Nf4 e6 11. e3 e5 12. Nfd5 Nxd5 13. Nxd5 Rb8 14. b4 axb4 15. axb4 Nxb4 16. Nxb4 cxb4 17. Bd2 Bc6 18. Bxb4 Qd7 19. Qb3 Rfc8 20. Ba3 Ra8 21. Rfc1 Rd8 22. Rc3 h5 23. Bxc6 bxc6 24. Qb7 Qe8 25. Rcb3 Bf8 26. d4 exd4 27. exd4 Qe4 28. Re3 Qxd4 29. Qxc6 Rac8 30. Qf3 Qxc4 31. Rb7 Re8 32. Bb2 Bg7 33. Bxg7 Kxg7 34. Ree7 Rxe7 35. Rxe7 Rc7 36. Re8 Ra7 37. h4 Ra1+ 38. Kh2 Ra2 39. Re7 Rc2 40. Kg2 Qa2 41. Rd7 Qe6 42. Rb7 Qf6 43. Rd7 Qxf3+ 44. Kxf3 Rd2 45. Ke3 Rd1 46. Ke2 Rd5 47. Ke3 Kf6 48. f3 Ke6 49. Rd8 Ra5 50. Re8+ Kf5 51. Rd8 Ra3+ 52. Kf2 Ke6 53. Ke2 Ra7 54. Ke3 Rc7 55. Ke4 Rc3 56. Re8+ Kd7 57. Rf8 Ke7 58. Ra8 Rb3 59. Ra7+ Ke6 60. Ra6 Rb4+ 61. Ke3 Ke5 62. Ra7 Rb3+ 63. Ke2 Ke6 64. Ra8 f6 65. Rg8 Rb2+ 66. Ke3 Kf5 67. g4+ hxg4 68. fxg4+ Kxg4 69. Rxg6+ Kf5 70. Rh6 Ke5 1/2-1/2

[Event "Montreal Class-A"]
[Site "Montreal CAN"]
[Date "2004.11.13"]
[Round "2"]
[White "Lawson, Eric"]
[Black "Prahov, Valentin"]
[Result "1/2-1/2"]
[WhiteElo "2401"]
[BlackElo "2225"]
[PlyCount "123"]
[GameId "2160767911052560"]
[EventDate "2004.11.12"]
[EventType "swiss"]
[EventRounds "5"]
[EventCountry "CAN"]
[SourceTitle "EXT 2006"]
[Source "ChessBase"]
[SourceDate "2005.11.24"]
[SourceVersion "1"]
[SourceVersionDate "2005.11.24"]
[SourceQuality "1"]

1. b3 Nf6 2. Bb2 g6 3. e3 Bg7 4. f4 d6 5. Nf3 Nc6 6. Bc4 O-O 7. O-O e5 8. fxe5 Ng4 9. Nc3 Ncxe5 10. Be2 Nxf3+ 11. Bxf3 Qh4 12. Bxg4 Bxg4 13. Qe1 Qxe1 14. Raxe1 d5 15. Na4 Bxb2 16. Nxb2 Bf5 17. h3 h5 18. Rxf5 gxf5 19. Rf1 Kg7 20. Rxf5 Kg6 21. Rxd5 Rad8 22. Rxd8 Rxd8 23. d3 b5 24. Kf2 h4 25. Kf3 f5 26. Ke2 Kf6 27. a4 a6 28. b4 Rg8 29. Kf2 a5 30. bxa5 bxa4 31. Nxa4 Ra8 32. c4 Rxa5 33. Nc3 c6 34. Ne2 Ra8 35. c5 Ra5 36. d4 Ra2 37. Kf3 Rc2 38. Nf4 Rd2 39. g3 hxg3 40. Kxg3 Rd1 41. h4 Rg1+ 42. Kf3 Rd1 43. h5 Rf1+ 44. Ke2 Rh1 45. Kd3 Rd1+ 46. Kc4 Rc1+ 47. Kd3 Rd1+ 48. Ke2 Rh1 49. Ng6 Rxh5 50. Ne5 Ke6 51. Nxc6 Kd5 52. Ne7+ Ke4 53. c6 Rh2+ 54. Kf1 Rc2 55. d5 Ke5 56. Ke1 Kd6 57. Kd1 Rc5 58. Nxf5+ Kxd5 59. Nd4 Ke4 60. Ke2 Rc3 61. Kd2 Rc5 62. Ke2 1/2-1/2

[Event "Montreal Class-A"]
[Site "Montreal CAN"]
[Date "2004.11.13"]
[Round "2"]
[White "Malveau, Cedric"]
[Black "Gravel, Simon M"]
[Result "0-1"]
[WhiteElo "1932"]
[BlackElo "2276"]
[PlyCount "74"]
[GameId "2160767911052561"]
[EventDate "2004.11.12"]
[EventType "swiss"]
[EventRounds "5"]
[EventCountry "CAN"]
[SourceTitle "EXT 2006"]
[Source "ChessBase"]
[SourceDate "2005.11.24"]
[SourceVersion "1"]
[SourceVersionDate "2005.11.24"]
[SourceQuality "1"]

1. d4 Nf6 2. c4 c5 3. d5 b5 4. cxb5 a6 5. e3 g6 6. Nc3 Bg7 7. Nf3 O-O 8. Be2 axb5 9. Bxb5 Qa5 10. Qd3 Ne4 11. Bd2 Nxd2 12. Nxd2 Ba6 13. Bc4 d6 14. O-O Nd7 15. f4 Rfb8 16. Bxa6 Qxa6 17. Qc2 Nb6 18. e4 Na4 19. Rab1 Nxc3 20. bxc3 Rxb1 21. Rxb1 Qe2 22. Rb7 Qe1+ 23. Nf1 Bxc3 24. Rb1 Bd4+ 25. Kh1 Qa5 26. Nd2 Qxa2 27. Qxa2 Rxa2 28. Nf3 Be3 29. g3 Rf2 30. Nh4 Bd4 31. Re1 c4 32. Rd1 Bb2 33. Re1 c3 34. Kg1 Rd2 35. Nf3 Rd3 36. Kf2 c2 37. Ke2 Ra3 0-1

[Event "Montreal Class-A"]
[Site "Montreal CAN"]
[Date "2004.11.13"]
[Round "2"]
[White "Rodriguez, Herver"]
[Black "Ramaswamy, Kishor"]
[Result "0-1"]
[WhiteElo "1700"]
[BlackElo "2030"]
[PlyCount "80"]
[GameId "2160767911052562"]
[EventDate "2004.11.12"]
[EventType "swiss"]
[EventRounds "5"]
[EventCountry "CAN"]
[SourceTitle "EXT 2006"]
[Source "ChessBase"]
[SourceDate "2005.11.24"]
[SourceVersion "1"]
[SourceVersionDate "2005.11.24"]
[SourceQuality "1"]

1. e4 c6 2. Nf3 d5 3. e5 Bg4 4. h3 Bh5 5. d4 c5 6. g4 Bg6 7. Bb5+ Nc6 8. dxc5 Qa5+ 9. Nc3 a6 10. Ba4 e6 11. a3 Qxc5 12. Be3 Qa5 13. Nd4 Nge7 14. f4 b5 15. b4 Qc7 16. Ndxb5 axb5 17. Nxb5 Qb8 18. Nd6+ Kd7 19. c4 f6 20. cxd5 Nxd5 21. Rc1 Bxd6 22. Bxc6+ Kd8 23. Bxd5 Rxa3 24. Bc5 Rd3 25. Qa4 Bxc5 26. Rxc5 Rxd5 27. Rxd5+ exd5 28. Qa5+ Ke8 29. e6 Be4 30. O-O Ke7 31. Qc5+ Kxe6 32. Ra1 Rc8 33. Ra6+ Kf7 34. Ra7+ Kg8 35. Rxg7+ Kxg7 36. Qe7+ Kg6 37. f5+ Kg5 38. Qg7+ Kf4 39. Qh6+ Kf3 40. g5 Qg3+ 0-1

[Event "Montreal Class-A"]
[Site "Montreal CAN"]
[Date "2004.11.13"]
[Round "3"]
[White "Auger, Bertrand"]
[Black "Tremblay, Alain"]
[Result "0-1"]
[WhiteElo "2023"]
[BlackElo "2125"]
[PlyCount "62"]
[GameId "2160767911052563"]
[EventDate "2004.11.12"]
[EventType "swiss"]
[EventRounds "5"]
[EventCountry "CAN"]
[SourceTitle "EXT 2006"]
[Source "ChessBase"]
[SourceDate "2005.11.24"]
[SourceVersion "1"]
[SourceVersionDate "2005.11.24"]
[SourceQuality "1"]

1. Nf3 Nf6 2. g3 d5 3. Bg2 Bg4 4. O-O Nbd7 5. c4 c6 6. d3 e5 7. cxd5 cxd5 8. Qa4 Bd6 9. Bg5 O-O 10. Nc3 Be6 11. Rfc1 h6 12. Bd2 a6 13. Ne1 b5 14. Qd1 Nb6 15. a3 Qd7 16. Nc2 Rac8 17. b4 d4 18. Ne4 Nxe4 19. Bxe4 Na4 20. Qf1 Nc3 21. Ne1 Nxe4 22. dxe4 Bh3 23. Ng2 f5 24. exf5 Qxf5 25. Qe1 Be7 26. f3 e4 27. g4 Qe5 28. f4 Qd5 29. Nh4 e3 30. Qg3 Bxh4 31. Qxh3 Bf2+ 0-1

[Event "Montreal Class-A"]
[Site "Montreal CAN"]
[Date "2004.11.13"]
[Round "3"]
[White "Boulay, David"]
[Black "Malveau, Cedric"]
[Result "1-0"]
[WhiteElo "2056"]
[BlackElo "1932"]
[PlyCount "63"]
[GameId "2160767911052564"]
[EventDate "2004.11.12"]
[EventType "swiss"]
[EventRounds "5"]
[EventCountry "CAN"]
[SourceTitle "EXT 2006"]
[Source "ChessBase"]
[SourceDate "2005.11.24"]
[SourceVersion "1"]
[SourceVersionDate "2005.11.24"]
[SourceQuality "1"]

1. e4 c5 2. Nf3 d6 3. d4 cxd4 4. Nxd4 Nf6 5. Nc3 a6 6. Be3 e5 7. Nb3 Be6 8. Be2 Nbd7 9. O-O b5 10. f3 Be7 11. Qd2 Rc8 12. a4 b4 13. Nd5 Bxd5 14. exd5 a5 15. Ba6 Rb8 16. Qd3 O-O 17. Bb5 e4 18. fxe4 Ne5 19. Qd4 Qc8 20. Nxa5 Qxc2 21. Qxb4 Qxe4 22. Qxe4 Nxe4 23. Rad1 Nf6 24. Nc6 Nxc6 25. dxc6 Rfc8 26. Bf4 Ne8 27. Rfe1 Kf8 28. Re2 Nc7 29. Bxd6 Bxd6 30. Rxd6 Nxb5 31. axb5 Rxb5 32. c7 1-0

[Event "Montreal Class-A"]
[Site "Montreal CAN"]
[Date "2004.11.13"]
[Round "3"]
[White "Gadbois, Patrick"]
[Black "Arsenault, Nicolas"]
[Result "0-1"]
[WhiteElo "1956"]
[BlackElo "2116"]
[PlyCount "68"]
[GameId "2160767911052565"]
[EventDate "2004.11.12"]
[EventType "swiss"]
[EventRounds "5"]
[EventCountry "CAN"]
[SourceTitle "EXT 2006"]
[Source "ChessBase"]
[SourceDate "2005.11.24"]
[SourceVersion "1"]
[SourceVersionDate "2005.11.24"]
[SourceQuality "1"]

1. d4 Nf6 2. Nf3 g6 3. g3 Bg7 4. Bg2 O-O 5. O-O d6 6. c4 Nbd7 7. Nc3 e5 8. e4 a6 9. dxe5 dxe5 10. Qc2 c6 11. Rd1 Re8 12. Be3 Bf8 13. h3 Qc7 14. Rac1 Qb8 15. Bf1 b5 16. cxb5 axb5 17. Qb3 h6 18. Nh4 Nb6 19. Bxb6 Qxb6 20. Bc4 Qb7 21. Bf1 Be6 22. Qc2 Rad8 23. b3 Ba3 24. Rxd8 Rxd8 25. Rd1 Rxd1 26. Qxd1 Qd7 27. Qf3 Kg7 28. g4 Qd4 29. Ne2 Qxe4 30. Qxe4 Nxe4 31. Bg2 Bd5 32. f4 Bc5+ 33. Kh2 exf4 34. Nxf4 Bd6 0-1

[Event "Montreal Class-A"]
[Site "Montreal CAN"]
[Date "2004.11.13"]
[Round "3"]
[White "Larochelle, Martial"]
[Black "Lawson, Eric"]
[Result "1/2-1/2"]
[WhiteElo "2209"]
[BlackElo "2401"]
[PlyCount "66"]
[GameId "2160767911052567"]
[EventDate "2004.11.12"]
[EventType "swiss"]
[EventRounds "5"]
[EventCountry "CAN"]
[SourceTitle "EXT 2006"]
[Source "ChessBase"]
[SourceDate "2005.11.24"]
[SourceVersion "1"]
[SourceVersionDate "2005.11.24"]
[SourceQuality "1"]

1. c4 Nf6 2. Nf3 c5 3. g3 b6 4. Bg2 Bb7 5. O-O e6 6. Nc3 Be7 7. b3 O-O 8. Bb2 d6 9. e3 Re8 10. d4 a6 11. Re1 Bf8 12. d5 exd5 13. Nh4 Nbd7 14. Nxd5 Rb8 15. Nxf6+ Nxf6 16. Bxf6 Qxf6 17. Bxb7 Rxb7 18. Qd5 Rbb8 19. Nf3 Qe6 20. Red1 Qxd5 21. Rxd5 g6 22. Rc1 f6 23. Kg2 Kf7 24. h4 h5 25. Rc3 Re4 26. Rcd3 Be7 27. Nd2 Re5 28. Rxe5 dxe5 29. Ne4 Ke6 30. Rd5 Rd8 31. Rxd8 Bxd8 32. f4 f5 33. Nc3 e4 1/2-1/2

[Event "Montreal Class-A"]
[Site "Montreal CAN"]
[Date "2004.11.13"]
[Round "3"]
[White "Masse, Hugues"]
[Black "Bolduc, Steve"]
[Result "1-0"]
[WhiteElo "2198"]
[BlackElo "2266"]
[PlyCount "60"]
[GameId "2160767911052568"]
[EventDate "2004.11.12"]
[EventType "swiss"]
[EventRounds "5"]
[EventCountry "CAN"]
[SourceTitle "EXT 2006"]
[Source "ChessBase"]
[SourceDate "2005.11.24"]
[SourceVersion "1"]
[SourceVersionDate "2005.11.24"]
[SourceQuality "1"]

1. d4 Nf6 2. c4 g6 3. Nc3 d5 4. Nf3 Bg7 5. Qb3 dxc4 6. Qxc4 O-O 7. e4 Bg4 8. Be3 Nc6 9. Rd1 Nd7 10. Qb3 Nb6 11. d5 Ne5 12. Be2 Bxf3 13. gxf3 Qc8 14. f4 Ng4 15. Bd4 c5 16. Bxg7 Kxg7 17. O-O h5 18. Nb5 a6 19. Nd4 Nxd5 20. Qxd5 Rd8 21. Qc4 cxd4 22. Rxd4 Rxd4 23. Qxd4+ Kg8 24. Rd1 Qc7 25. Bxg4 hxg4 26. f5 gxf5 27. exf5 Kh7 28. h3 gxh3 29. Qh4+ Kg7 30. Qg5+ Kh7 1-0

[Event "Montreal Class-A"]
[Site "Montreal CAN"]
[Date "2004.11.13"]
[Round "3"]
[White "Mikanovic, Goran"]
[Black "St Amand, Paul Jr"]
[Result "1-0"]
[WhiteElo "2346"]
[BlackElo "2150"]
[PlyCount "147"]
[GameId "2160767911052569"]
[EventDate "2004.11.12"]
[EventType "swiss"]
[EventRounds "5"]
[EventCountry "CAN"]
[SourceTitle "EXT 2006"]
[Source "ChessBase"]
[SourceDate "2005.11.24"]
[SourceVersion "1"]
[SourceVersionDate "2005.11.24"]
[SourceQuality "1"]

1. d4 Nf6 2. c4 e5 3. dxe5 Ng4 4. Bf4 Nc6 5. Nf3 Bb4+ 6. Nbd2 Qe7 7. e3 Ngxe5 8. Nxe5 Nxe5 9. Be2 O-O 10. O-O Ng6 11. Bg3 Bd6 12. Bxd6 Qxd6 13. Ne4 Qe5 14. Nc3 d6 15. Qd2 c6 16. Rad1 Rd8 17. Qd4 f5 18. Qxe5 Nxe5 19. Rd4 Be6 20. b3 Rd7 21. Rfd1 Rad8 22. f4 Nf7 23. Bf3 Re7 24. e4 Rde8 25. Kf2 Bc8 26. exf5 Bxf5 27. R4d2 Kf8 28. Re2 Rxe2+ 29. Bxe2 Ke7 30. Bd3 Bxd3 31. Rxd3 Kf6 32. Rd1 Re6 33. Kf3 g5 34. Ne4+ Kg6 35. Nxg5 Nxg5+ 36. fxg5 Kxg5 37. h4+ Kg6 38. g4 h6 39. Rd3 Rf6+ 40. Kg3 Re6 41. Kf2 Kg7 42. Re3 Rf6+ 43. Kg3 Kf7 44. Rf3 Ke6 45. Rxf6+ Kxf6 46. Kf4 Kg6 47. b4 Kf6 48. a4 Kg6 49. a5 a6 50. g5 h5 51. Ke4 Kg7 52. Kd4 Kf7 53. Kc3 Ke6 54. Kb3 Ke5 55. Ka4 Kf5 56. b5 Ke5 57. bxa6 bxa6 58. Kb3 Ke6 59. Kc3 Kf5 60. Kd4 Kg6 61. Ke4 Kg7 62. Kf5 Kf7 63. g6+ Kg7 64. Ke6 d5 65. cxd5 cxd5 66. Kxd5 Kxg6 67. Kc6 Kf5 68. Kb6 Kg4 69. Kxa6 Kxh4 70. Kb6 Kg3 71. a6 h4 72. a7 h3 73. a8=Q Kh2 74. Qf3 1-0

[Event "Montreal Class-A"]
[Site "Montreal CAN"]
[Date "2004.11.13"]
[Round "3"]
[White "Prahov, Valentin"]
[Black "Khassanov, Marat"]
[Result "1/2-1/2"]
[WhiteElo "2225"]
[BlackElo "2341"]
[PlyCount "64"]
[GameId "2160767911052570"]
[EventDate "2004.11.12"]
[EventType "swiss"]
[EventRounds "5"]
[EventCountry "CAN"]
[SourceTitle "EXT 2006"]
[Source "ChessBase"]
[SourceDate "2005.11.24"]
[SourceVersion "1"]
[SourceVersionDate "2005.11.24"]
[SourceQuality "1"]

1. e4 e5 2. Nf3 Nc6 3. Bc4 Bc5 4. c3 Qe7 5. d4 exd4 6. O-O Ne5 7. cxd4 Nxc4 8. Qc2 b5 9. dxc5 Bb7 10. Re1 O-O-O 11. a4 a6 12. axb5 axb5 13. b3 Ne5 14. Nxe5 Qxe5 15. Bb2 Qg5 16. b4 Ne7 17. Ra3 Rhg8 18. Rg3 Qh6 19. Nc3 Qc6 20. Qe2 f5 21. f3 fxe4 22. fxe4 Ba6 23. Rd3 Rge8 24. Qf2 Qe6 25. Ra1 Kb8 26. Qf3 Bb7 27. Nd5 Nxd5 28. exd5 Qe2 29. Qxe2 Rxe2 30. Bc3 Rf8 31. Rf1 Rxf1+ 32. Kxf1 Re7 1/2-1/2

[Event "Montreal Class-A"]
[Site "Montreal CAN"]
[Date "2004.11.13"]
[Round "3"]
[White "Ramaswamy, Kishor"]
[Black "Falardeau, Bruno"]
[Result "1-0"]
[WhiteElo "2030"]
[BlackElo "2031"]
[PlyCount "60"]
[GameId "2160767911052571"]
[EventDate "2004.11.12"]
[EventType "swiss"]
[EventRounds "5"]
[EventCountry "CAN"]
[SourceTitle "EXT 2006"]
[Source "ChessBase"]
[SourceDate "2005.11.24"]
[SourceVersion "1"]
[SourceVersionDate "2005.11.24"]
[SourceQuality "1"]

1. d4 Nf6 2. Nf3 e6 3. Bg5 b6 4. Nbd2 c5 5. e3 Bb7 6. Bd3 d5 7. c3 Be7 8. Ne5 Nbd7 9. O-O O-O 10. f4 Ne4 11. Bxe7 Qxe7 12. Bb5 Ndf6 13. f5 exf5 14. a4 Nd6 15. Be2 Nfe4 16. a5 f6 17. Nd3 Nxd2 18. Qxd2 Nc4 19. Qc1 Qxe3+ 20. Qxe3 Nxe3 21. Rfe1 cxd4 22. cxd4 Nc4 23. a6 Bc8 24. Nf4 Na5 25. Bf3 Kh8 26. Bxd5 Rb8 27. b4 g5 28. Nh5 Rd8 29. bxa5 Rxd5 30. axb6 Bxa6 1-0

[Event "Montreal Class-A"]
[Site "Montreal CAN"]
[Date "2004.11.13"]
[Round "3"]
[White "Sauve, Richard"]
[Black "Trottier, Alain"]
[Result "1-0"]
[WhiteElo "1963"]
[BlackElo "2003"]
[PlyCount "55"]
[GameId "2160767911052572"]
[EventDate "2004.11.12"]
[EventType "swiss"]
[EventRounds "5"]
[EventCountry "CAN"]
[SourceTitle "EXT 2006"]
[Source "ChessBase"]
[SourceDate "2005.11.24"]
[SourceVersion "1"]
[SourceVersionDate "2005.11.24"]
[SourceQuality "1"]

1. d4 e6 2. c4 d5 3. Nc3 c6 4. Nf3 Nf6 5. e3 Nbd7 6. Qc2 Be7 7. b3 O-O 8. Bd3 a6 9. g4 dxc4 10. bxc4 g6 11. h4 Nxg4 12. h5 f5 13. hxg6 hxg6 14. Bb2 c5 15. O-O-O Kg7 16. dxc5 Bf6 17. e4 Qc7 18. e5 Ndxe5 19. Nxe5 Qxe5 20. Kb1 Qxc5 21. Rdf1 Bd7 22. Be2 Ne5 23. Qd2 Rh8 24. f4 Rxh1 25. Rxh1 Qc6 26. Rd1 Rd8 27. fxe5 Bxe5 28. Qg5 1-0